| 000 | 00474nam a2200157 a 4500 | ||
|---|---|---|---|
| 001 | 3075 | ||
| 003 | CDMR | ||
| 005 | 20130320112006.0 | ||
| 008 | 130130s1998||||||||||||||||||||||||||||d | ||
| 040 |
_aCDMR _bcat _cCPC LLEIDA |
||
| 110 | 2 |
_aSociedad Española de Periodística _92242 |
|
| 245 | 1 | 0 |
_aPeriodismo de investigación _cSociedad Española de Periodística |
| 260 |
_aPontevedra _c1998 _bDiputación de Pontevedra |
||
| 490 | 0 | _aEstudios de Periodística | |
| 942 |
_cMON _2udc |
||
| 999 |
_c3075 _d3075 |
||